Collective Animal Names - Statistics

General Stats
  • This quiz has been taken 101 times
  • The average score is 10 of 30
Answer Stats
Animal Group % Correct
Lions Pride
94%
Whales Pod
91%
Geese Flock
90%
Wolves Pack
85%
Crows Murder
84%
Owls Parliament
64%
Rhinoceroses Crash
43%
Kangaroos Troop
39%
Hyenas Cackle
37%
Giraffes Tower
34%
Ravens Unkindness
24%
Sharks Shiver
22%
Gorillas Band
21%
Hippopotamuses Bloat
19%
Elephants Parade
19%
Goats Tribe
19%
Frogs Army
18%
Jellyfish Bloom
18%
Elk Gang
18%
Quail Bevy
16%
Ferrets Business
16%
Lemurs Conspiracy
16%
Squirrels Dray
15%
Pigs Drift
15%
Jaguars Shadow
13%
Fox Leash
12%
Otters Romp
12%
Badgers Cete
10%
Donkeys Pace
10%
Squid Audience
7%
No matching quizzes found
Score Distribution
Percent of People with Each Score
Percentile by Number Answered
Your Score History
You have not taken this quiz